000 00336nam a2200121Ia 4500
008 220216s9999 xx 000 0 und d
100 _aNair C K N
245 0 _aRecent developments in rubber research
260 _bSouvenir, Rubber Planters Conference, India, 1974
_c1974
300 _a12-May
650 _aRubber research
942 _cJS
999 _c66452
_d66452